00665 2200217 4500001002100000005001700021008004100038035002400079082001200103090002200115100004600137245011400183250001100297260002800308300002300336650003700359850001500396980001500411985000600426999001500432YOGYA-0209000002309920090227023735.0 ind  0010-020900000023099 a346.068 a346.068bInd UlR aINDONESIA.[Undang-undang, Peraturan dsb.] aUndang-undang perseroan terbatas 1995bdilengkapi peraturan menteri tenaga kerja 1992-1995 & UMR 1 April 1995 aCet. 2 aJakartabEko Jayac1995 avi, 298 hlmc21 cm aPerseroan Terbatas - Aspek hukum aYOPDYOG(B) a02-05-2007 a1 a06A0021000